Lexikalizácia a inštitucionalizácia abreviatúr v digitálne sprostredkovanej komunikácii

Základné definície v oblasti tvorenia abreviatúr. Analýza procesov lexikalizácie a inštitucionalizácie skratiek v digitálne sprostredkovanej komunikácii a ich ilustrácia na príkladoch skratiek vyexcerpovaných zo sociálnej siete Twitter z oboch typov komunikácie, synchrónnej aj asynchrónnej. Prevaha...

Descripción completa

Guardado en:
Detalles Bibliográficos
Autor principal: Maierová, Eva, 1965-
Formato: Capítulo de libro
Lenguaje:eslovaco
Materias:
Etiquetas: Agregar Etiqueta
Sin Etiquetas, Sea el primero en etiquetar este registro!

MARC

LEADER 00000naa$a2200000$$$4500
001 0277169
005 20260130094359.0
041 0 |a slo 
044 |a SK 
245 1 0 |a Lexikalizácia a inštitucionalizácia abreviatúr v digitálne sprostredkovanej komunikácii  |c Eva Maierová 
520 |a Základné definície v oblasti tvorenia abreviatúr. Analýza procesov lexikalizácie a inštitucionalizácie skratiek v digitálne sprostredkovanej komunikácii a ich ilustrácia na príkladoch skratiek vyexcerpovaných zo sociálnej siete Twitter z oboch typov komunikácie, synchrónnej aj asynchrónnej. Prevaha nelexikalizovaných abreviatúr nad lexikalizovanými. Skratky nielen ako nástroj hospodárnosti v jazyku, ale aj ako príspevky k neformálnosti elektronickej komunikácie pomocou kreativity ich tvorenia na základe hry s jazykom. 
610 2 0 |a jazykoveda 
610 2 0 |a lexikológia 
610 2 0 |a slovotvorba 
610 2 0 |a komunikácia elektronická 
610 2 0 |a siete sociálne 
610 2 0 |a inštitucionalizácia 
610 2 0 |a angličtina 
610 2 0 |a zásoba slovná 
610 2 0 |a slovníky 
100 1 |a Maierová, Eva, 1965-